000 00466nam a2200181Ia 4500
001 13368
005 20260306164756.0
008 260306t2004||||xx |||||||||||||| ||spa||
041 _aESP
082 _a001.433
_bC42
100 _aCea D'Ancona, Mª. Angeles
_eAUT
245 0 _aMétodos de encuesta:
_bteoría y práctica, errores y mejora
260 _c2004
300 _a493 páginas :
_c24 cm.
650 _aGEN
654 _aCHU
942 _cLIB
_dJUS
_fJUS
_2ddc
_n
999 _c13368
_d13368